Online
Catalog

Floresta de la Santa iglesia catedral de la ciudad y provincia de Santa Marta. (Record no. 14648)

MARC details
000 -CABECERA
campo de control de longitud fija 00932cam a2200205 a 4500
001 - NÚMERO DE CONTROL
campo de control 000015076
005 - FECHA Y HORA DE LA ÚLTIMA TRANSACCIÓN
campo de control 20200929163940.0
008 - DATOS DE LONGITUD FIJA--INFORMACIÓN GENERAL
campo de control de longitud fija 751208s1945 ck 000 0dspa
040 ## - FUENTE DE LA CATALOGACIÓN
Centro catalogador/agencia de origen DO-SdBNP
Lengua de catalogación spa
Centro/agencia transcriptor BNPHU
082 ## - NÚMERO DE LA CLASIFICACIÓN DECIMAL DEWEY
Número de clasificación xx
Número de documento/Ítem R788f
100 1# - ENTRADA PRINCIPAL--NOMBRE DE PERSONA
Nombre de persona Rosa, José Nicolás de la
Fechas asociadas al nombre fl. 1739.
9 (RLIN) 34136
245 10 - MENCIÓN DE TÍTULO
Título Floresta de la Santa iglesia catedral de la ciudad y provincia de Santa Marta.
260 ## - PUBLICACIÓN, DISTRIBUCIÓN, ETC.
Lugar de publicación, distribución, etc. [Barranquilla] :
Nombre del editor, distribuidor, etc. Biblioteca departamental del Atlántico,
Fecha de publicación, distribución, etc. 1945.
300 ## - DESCRIPCIÓN FÍSICA
Extensión 362 p. ;
Dimensiones 21 cm.
490 0# - MENCIÓN DE SERIE
Mención de serie Biblioteca de escritores costeños
Designación de volumen o secuencia 1
500 ## - NOTA GENERAL
Nota general "El alferez D. José Nicolás de la Rosa escribio la Floresta de la Santa iglesia catedral de Santa Marta en el año 1739, obra que ... [fue] publicada en 1742."-- p. [355]
610 20 - PUNTO DE ACCESO ADICIONAL DE MATERIA--NOMBRE DE ENTIDAD CORPORATIVA
Nombre de entidad corporativa o nombre de jurisdicción como elemento de entrada Catholic Church.
Unidad subordinada Diocese of Santa Marta (Colombia)
9 (RLIN) 34137
651 #0 - PUNTO DE ACCESO ADICIONAL DE MATERIA--NOMBRE GEOGRÁFICO
Nombre geográfico Magdalena (Colombia : Dept.{Rpara}
9 (RLIN) 34138
830 #0 - PUNTO DE ACCESO ADICIONAL DE SERIE-TÍTULO UNIFORME
Título uniforme Biblioteca de escritores costeños ;
Designación de volumen o secuencia 1
9 (RLIN) 34139
Holdings
Estado de retiro Estado de pérdida Restricciones de uso No para préstamo Código de colección Localización permanente Ubicación/localización actual Ubicación en estantería Fecha de adquisición Número de inventario Total de préstamos Signatura topográfica completa Código de barras Fecha visto por última vez Precio válido a partir de Tipo de ítem Koha
      Excluido de préstamo Monografías: Libros y Folletos General General En catalogación 29.01.2010 LF1   xx R788f 15076-10 25.06.2020 25.06.2020 No se presta

Powered by Koha